Ethnic variables in human factors engineering edited by Alphonse Chapanis (Record no. 127001)

MARC details
000 -LEADER
fixed length control field 00878nam a2200265Ia 4500
003 - CONTROL NUMBER IDENTIFIER
control field OSt
005 - DATE AND TIME OF LATEST TRANSACTION
control field 20220918164839.0
008 - FIXED-LENGTH DATA ELEMENTS--GENERAL INFORMATION
fixed length control field 220917b |||||||| |||| 00| 0 eng d
020 ## - INTERNATIONAL STANDARD BOOK NUMBER
International Standard Book Number 0801816688
037 ## - SOURCE OF ACQUISITION
Terms of availability Textual
040 ## - CATALOGING SOURCE
Original cataloging agency ARTS
Transcribing agency ARTS
Language of cataloging eng
041 ## - LANGUAGE CODE
Source of code eng
Language code of text/sound track or separate title eng
100 ## - MAIN ENTRY--PERSONAL NAME
Personal name Chapanis Alphonse Ed.
9 (RLIN) 21241
111 ## - MAIN ENTRY--MEETING NAME
Meeting name or jurisdiction name as entry element Symposium on National and cultural variables in human factors engineering (19-2-e 19 : Oosterbeek Netherlands)
9 (RLIN) 21242
245 #0 - TITLE STATEMENT
Title Ethnic variables in human factors engineering edited by Alphonse Chapanis
260 ## - PUBLICATION, DISTRIBUTION, ETC.
Place of publication, distribution, etc. Baltimore
Name of publisher, distributor, etc. Johns Hopkins University Press USA
Date of publication, distribution, etc. 1975
300 ## - PHYSICAL DESCRIPTION
Extent 290p.
Dimensions cm.
650 ## - SUBJECT ADDED ENTRY--TOPICAL TERM
Topical term or geographic name entry element SOCIOLOGY
942 ## - ADDED ENTRY ELEMENTS (KOHA)
Classification part Y7:(D)p596,N72, L2
Koha item type Textual
Source of classification or shelving scheme Colon Classification (CC)
Holdings
Withdrawn status Lost status Damaged status Not for loan Home library Current library Date acquired Total Checkouts Full call number Barcode Date last seen Price effective from Koha item type
        Arts Library Arts Library 2022-09-18   Y7:(D)p596,N72 L2 AL0517375 2022-09-18 2022-09-18 Textual
Copyright @ Delhi University Library System